States That Are In The South - Statistics

General Stats
  • This quiz has been taken 56 times
  • The average score is 15 of 16
Answers on the Map
Answers color-coded by a green-red scale on the quiz's map according to % correct below.
 
Answer Stats
Answer % Correct
Georgia
100%
Louisiana
100%
Texas
100%
North Carolina
98%
South Carolina
98%
Alabama
96%
Arkansas
96%
Florida
96%
Mississippi
96%
Virginia
96%
Oklahoma
94%
Tennessee
94%
West Virginia
94%
Kentucky
85%
Delaware
81%
Maryland
77%
No matching quizzes found
Score Distribution
Percent of People with Each Score
Percentile by Number Answered
Your Score History
You have not taken this quiz